Legislatívne nedostatky v oblasti zdaňovania príjmov bakalárska práca

Gespeichert in:
Bibliographische Detailangaben
1. Verfasser: Makovínyi, Martin
Körperschaft: Národohospodárska fakulta EU. Katedra financií
Weitere Verfasser: Kubicová, Jana, 1961-
Format: Buch
Sprache:Slowakisch
Veröffentlicht: Bratislava 2015
Tags: Tag hinzufügen
Keine Tags, Fügen Sie das erste Tag hinzu!

MARC

LEADER 00000nbm a2200000 4500
001 0205030
005 20161212094939.6
041 0 |a slo 
044 |a SK 
245 1 0 |a Legislatívne nedostatky v oblasti zdaňovania príjmov  |b bakalárska práca  |c Martin Makovínyi ; školiteľ: Jana Kubicová 
264 1 |a Bratislava  |c 2015 
300 |a 52 s. 
100 1 |a Makovínyi, Martin 
700 1 |a Kubicová, Jana, 1961- 
710 2 |a Národohospodárska fakulta EU. Katedra financií